00950nam a22003137a 4500001000700000003000900007005001700016007000700033008002700040020001500067040002200082082002900104245007000133260003600203300003000239500000600269500000600275500000600281504000800287590002600295650003800321650002300359650002800382700003200410910004000442942001200482952012500494999001700619000513DO-SdBNP20240705092602.0000513160902b2005 cl 00| 0 spa d a0789912902 aBPMSUbspacBPMSU 4a306.85 bS446f 200522200aSecretos para la familia / bGuillermo D. Taylor...[y otros] c  aColombia : bExpolit,c2005b  a272 p. : bil. ; c24 cm. a  a  a  a  aInventariado, 2024/VM 4aEducación para la vida familiar 4aConducta (Ética) 4aEducación en el hogar1 aRaylor, Guillermo D.eautor aVMateo V. Control de calidad, BPMSU 2ddccBK 00102ddc40708CGaBPMETbBPMETd2024-07-05l0oBPMSU CG 306.85 S446f 2005pBPMSU24070026r2024-07-05w2024-07-05yBK c14718d14718